| 000 | 00521nam a2200121Ia 4500 | ||
|---|---|---|---|
| 008 | 220620s9999||||xx |||||||||||||| ||und|| | ||
| 100 | _aWilliamson, Ben | ||
| 245 | 4 |
_aThe Future of the Curriculum _bSchool Knowledge in the Digital Age |
|
| 546 | _aEnglish[eng] | ||
| 650 | _aeducation | ||
| 856 | _uhttps://library.oapen.org/bitstream/20.500.12657/26059/1/1004026.pdf||https://library.oapen.org/bitstream/20.500.12657/26059/1/1004026.pdf||https://library.oapen.org/bitstream/20.500.12657/26059/1/1004026.pdf | ||
| 942 | _cEB | ||
| 999 |
_c30146 _d30146 |
||